<?xml version="1.0" encoding="UTF-8"?>
<record
    xmlns:xsi="http://www.w3.org/2001/XMLSchema-instance"
    xsi:schemaLocation="http://www.loc.gov/MARC21/slim http://www.loc.gov/standards/marcxml/schema/MARC21slim.xsd"
    xmlns="http://www.loc.gov/MARC21/slim">

  <leader>01364nam a22002657a 4500</leader>
  <controlfield tag="001">114041</controlfield>
  <controlfield tag="003">DR-UNIBE</controlfield>
  <controlfield tag="005">20260219093343.0</controlfield>
  <controlfield tag="008">250808b2019    dr ||||| |||| 00| 0 spa d</controlfield>
  <datafield tag="020" ind1=" " ind2=" ">
    <subfield code="a">9789945168082</subfield>
  </datafield>
  <datafield tag="040" ind1=" " ind2=" ">
    <subfield code="a">BIBLIOTECA UNIBE</subfield>
    <subfield code="c">BIBLIOTECA UNIBE</subfield>
    <subfield code="e">rda</subfield>
  </datafield>
  <datafield tag="041" ind1=" " ind2=" ">
    <subfield code="a">spa</subfield>
  </datafield>
  <datafield tag="082" ind1=" " ind2=" ">
    <subfield code="a">RD 616.891  V496h 2019</subfield>
  </datafield>
  <datafield tag="100" ind1=" " ind2=" ">
    <subfield code="a">Verg&#xE9;s, Luis</subfield>
    <subfield code="d">1962-</subfield>
    <subfield code="9">155742</subfield>
  </datafield>
  <datafield tag="245" ind1="1" ind2="0">
    <subfield code="a">Habilidades para la entrevista psicoterap&#xE9;utica en la pr&#xE1;ctica cl&#xED;nica /</subfield>
    <subfield code="c">Luis Verg&#xE9;s</subfield>
  </datafield>
  <datafield tag="250" ind1=" " ind2=" ">
    <subfield code="a">Sexta edici&#xF3;n</subfield>
  </datafield>
  <datafield tag="260" ind1=" " ind2=" ">
    <subfield code="a">Santo Domingo :</subfield>
    <subfield code="b">[Editor no identificado],</subfield>
    <subfield code="c">2019</subfield>
  </datafield>
  <datafield tag="300" ind1=" " ind2=" ">
    <subfield code="a">370 p&#xE1;ginas</subfield>
  </datafield>
  <datafield tag="505" ind1=" " ind2=" ">
    <subfield code="a">Introducci&#xF3;n |
Aspectos generales de la entrevista psicoterap&#xE9;utica y de la conserjer&#xED;a|
 Tipos de entrevistas|
Cualidades esenciales de un entrevistador | 
La personalidad del terapeuta y su papel en el proceso de entrevista | 
La entrevista inicial y su papel en el proceso terap&#xE9;utico y/o de consejer&#xED;a |
Habilidades para fomentar una relaci&#xF3;n de colaboraci&#xF3;n en la entrevista |
Conducta no verbal del cliente |
Los diferentes tipos de respuestas del terapeuta o el consejero |
Plan de tiramiento |
Ap&#xE9;ndices |</subfield>
  </datafield>
  <datafield tag="650" ind1=" " ind2="7">
    <subfield code="2">lemb</subfield>
    <subfield code="a">Psicoterapia</subfield>
    <subfield code="v">Entrevistas</subfield>
    <subfield code="9">202543</subfield>
  </datafield>
  <datafield tag="650" ind1=" " ind2="7">
    <subfield code="2">lemb</subfield>
    <subfield code="a">Psicolog&#xED;a</subfield>
  </datafield>
  <datafield tag="700" ind1="1" ind2=" ">
    <subfield code="a">Cuevas, Yris M.</subfield>
    <subfield code="e">diagramador</subfield>
    <subfield code="9">146423</subfield>
  </datafield>
  <datafield tag="700" ind1="1" ind2=" ">
    <subfield code="a">Llano, Kilia</subfield>
    <subfield code="e">ilustrador</subfield>
    <subfield code="9">198278</subfield>
  </datafield>
  <datafield tag="942" ind1=" " ind2=" ">
    <subfield code="2">ddc</subfield>
    <subfield code="c">BK</subfield>
  </datafield>
  <datafield tag="999" ind1=" " ind2=" ">
    <subfield code="c">114041</subfield>
    <subfield code="d">114041</subfield>
  </datafield>
  <datafield tag="952" ind1=" " ind2=" ">
    <subfield code="0">0</subfield>
    <subfield code="1">0</subfield>
    <subfield code="2">ddc</subfield>
    <subfield code="7">0</subfield>
    <subfield code="8">RES</subfield>
    <subfield code="a">Principal</subfield>
    <subfield code="d">2025-08-08</subfield>
    <subfield code="l">0</subfield>
    <subfield code="o">RD 616.891 V496h 2019</subfield>
    <subfield code="p">250977</subfield>
    <subfield code="r">2025-08-08 10:37:47</subfield>
    <subfield code="t">Ej. 1</subfield>
    <subfield code="w">2025-08-08</subfield>
    <subfield code="y">BK-RES</subfield>
  </datafield>
  <datafield tag="952" ind1=" " ind2=" ">
    <subfield code="0">0</subfield>
    <subfield code="1">0</subfield>
    <subfield code="2">ddc</subfield>
    <subfield code="7">0</subfield>
    <subfield code="8">GEN</subfield>
    <subfield code="a">Principal</subfield>
    <subfield code="c">NEW</subfield>
    <subfield code="d">2025-08-08</subfield>
    <subfield code="l">0</subfield>
    <subfield code="o">RD 616.891 V496h 2019</subfield>
    <subfield code="p">250978</subfield>
    <subfield code="r">2025-08-08 10:38:37</subfield>
    <subfield code="t">Ej.  2</subfield>
    <subfield code="w">2025-08-08</subfield>
    <subfield code="y">BK</subfield>
  </datafield>
</record>
